<?xml version="1.0" encoding="UTF-8"?>
<record
    xmlns:xsi="http://www.w3.org/2001/XMLSchema-instance"
    xsi:schemaLocation="http://www.loc.gov/MARC21/slim http://www.loc.gov/standards/marcxml/schema/MARC21slim.xsd"
    xmlns="http://www.loc.gov/MARC21/slim">

  <leader>01326nam a22003497a 4500</leader>
  <controlfield tag="003">AR-BeUNQ</controlfield>
  <controlfield tag="005">20250411173204.0</controlfield>
  <controlfield tag="007">ta</controlfield>
  <controlfield tag="008">230919s2008    ag abo   f    000 0 spa d</controlfield>
  <datafield tag="020" ind1=" " ind2=" ">
    <subfield code="a">9789501301953</subfield>
  </datafield>
  <datafield tag="040" ind1=" " ind2=" ">
    <subfield code="a">AR-BeUNQ</subfield>
    <subfield code="c">AR-BeUNQ</subfield>
    <subfield code="e">aacr</subfield>
  </datafield>
  <datafield tag="082" ind1=" " ind2=" ">
    <subfield code="a">373.2</subfield>
    <subfield code="2">21</subfield>
  </datafield>
  <datafield tag="245" ind1="0" ind2="0">
    <subfield code="a">Ciencias Sociales para pensar :</subfield>
    <subfield code="b">sociedades en la prehistoria, en la antig&#xFC;edad y en el medioevo. Territorios del mundo actual / </subfield>
    <subfield code="c">Silvia V&#xE1;zquez de Fern&#xE1;ndez ... [et al.]</subfield>
  </datafield>
  <datafield tag="246" ind1="1" ind2="3">
    <subfield code="a">Ciencias Sociales 7</subfield>
  </datafield>
  <datafield tag="250" ind1=" " ind2=" ">
    <subfield code="a">1a ed.</subfield>
  </datafield>
  <datafield tag="260" ind1=" " ind2=" ">
    <subfield code="a">Buenos Aires :</subfield>
    <subfield code="b">Kapelusz,</subfield>
    <subfield code="c">2007.</subfield>
  </datafield>
  <datafield tag="300" ind1=" " ind2=" ">
    <subfield code="a">303 p. :</subfield>
    <subfield code="b">il. col., fotograf&#xED;as, mapas ;</subfield>
    <subfield code="c">29 cm.</subfield>
  </datafield>
  <datafield tag="521" ind1=" " ind2=" ">
    <subfield code="a">Para 1&#xBA; ciclo del Secundario</subfield>
  </datafield>
  <datafield tag="650" ind1=" " ind2="7">
    <subfield code="a">Ciencias Sociales </subfield>
    <subfield code="2">spines</subfield>
  </datafield>
  <datafield tag="650" ind1=" " ind2="7">
    <subfield code="a">Historia antigua</subfield>
    <subfield code="2">spines</subfield>
  </datafield>
  <datafield tag="650" ind1=" " ind2="7">
    <subfield code="a">Historia medieval</subfield>
    <subfield code="2">spines</subfield>
  </datafield>
  <datafield tag="650" ind1=" " ind2="7">
    <subfield code="a">Prehistoria</subfield>
    <subfield code="2">spines</subfield>
  </datafield>
  <datafield tag="650" ind1=" " ind2="7">
    <subfield code="a">Geograf&#xED;a</subfield>
    <subfield code="2">spines</subfield>
  </datafield>
  <datafield tag="650" ind1=" " ind2="7">
    <subfield code="a">Sociedad</subfield>
    <subfield code="2">toit</subfield>
  </datafield>
  <datafield tag="650" ind1=" " ind2="7">
    <subfield code="a">Ense&#xF1;anza secundaria</subfield>
    <subfield code="2">spines</subfield>
  </datafield>
  <datafield tag="700" ind1=" " ind2="7">
    <subfield code="a">V&#xE1;zquez de Fern&#xE1;ndez, Silvia</subfield>
  </datafield>
  <datafield tag="929" ind1=" " ind2=" ">
    <subfield code="a">DONACION</subfield>
    <subfield code="b">Norma Moya</subfield>
    <subfield code="e">2022</subfield>
    <subfield code="f">PAT0080460</subfield>
    <subfield code="h">1</subfield>
    <subfield code="j">58243</subfield>
  </datafield>
  <datafield tag="929" ind1=" " ind2=" ">
    <subfield code="a">DONACION</subfield>
    <subfield code="b">Biblioteca Municipal Domingo Sarmiento</subfield>
    <subfield code="e">01/09/2022</subfield>
    <subfield code="f">PAT0082104</subfield>
    <subfield code="j">61627</subfield>
    <subfield code="d">0</subfield>
  </datafield>
  <datafield tag="929" ind1=" " ind2=" ">
    <subfield code="a">DONACION</subfield>
    <subfield code="b">Gladys Alarc&#xF3;n</subfield>
    <subfield code="e">2018</subfield>
    <subfield code="f">PAT0080459</subfield>
    <subfield code="h">2</subfield>
    <subfield code="j">60661</subfield>
  </datafield>
  <datafield tag="929" ind1=" " ind2=" ">
    <subfield code="a">DONACION</subfield>
    <subfield code="b">Jorge Zapiola</subfield>
    <subfield code="e">2021</subfield>
    <subfield code="f">PAT0083215</subfield>
    <subfield code="h">4</subfield>
    <subfield code="j">62975</subfield>
    <subfield code="c">0</subfield>
    <subfield code="d">0</subfield>
  </datafield>
  <datafield tag="942" ind1=" " ind2=" ">
    <subfield code="c">LIB</subfield>
  </datafield>
  <datafield tag="999" ind1=" " ind2=" ">
    <subfield code="c">895</subfield>
    <subfield code="d">895</subfield>
  </datafield>
  <datafield tag="952" ind1=" " ind2=" ">
    <subfield code="0">0</subfield>
    <subfield code="1">0</subfield>
    <subfield code="a">BIBESET</subfield>
    <subfield code="b">BIBESET</subfield>
    <subfield code="c">circulacion</subfield>
    <subfield code="d">2023-09-19</subfield>
    <subfield code="l">0</subfield>
    <subfield code="o">373.2 CIE</subfield>
    <subfield code="p">58243</subfield>
    <subfield code="r">2023-09-19</subfield>
    <subfield code="t">1</subfield>
    <subfield code="w">2023-09-19</subfield>
    <subfield code="y">LIB</subfield>
    <subfield code="k">GS</subfield>
  </datafield>
  <datafield tag="952" ind1=" " ind2=" ">
    <subfield code="0">0</subfield>
    <subfield code="1">0</subfield>
    <subfield code="a">BIBESET</subfield>
    <subfield code="b">BIBESET</subfield>
    <subfield code="c">circulacion</subfield>
    <subfield code="d">2023-09-19</subfield>
    <subfield code="l">0</subfield>
    <subfield code="o">373.2 CIE</subfield>
    <subfield code="p">60661</subfield>
    <subfield code="r">2023-09-19</subfield>
    <subfield code="t">2</subfield>
    <subfield code="w">2023-09-19</subfield>
    <subfield code="y">LIB</subfield>
    <subfield code="k">GS</subfield>
  </datafield>
  <datafield tag="952" ind1=" " ind2=" ">
    <subfield code="0">0</subfield>
    <subfield code="1">0</subfield>
    <subfield code="a">BIBESET</subfield>
    <subfield code="b">BIBESET</subfield>
    <subfield code="c">circulacion</subfield>
    <subfield code="d">2024-12-05</subfield>
    <subfield code="o">372/CIE</subfield>
    <subfield code="p">61627</subfield>
    <subfield code="r">2024-12-05</subfield>
    <subfield code="t">3</subfield>
    <subfield code="y">LIB</subfield>
    <subfield code="k">GA</subfield>
  </datafield>
  <datafield tag="952" ind1=" " ind2=" ">
    <subfield code="0">0</subfield>
    <subfield code="1">0</subfield>
    <subfield code="a">BIBESET</subfield>
    <subfield code="b">BIBESET</subfield>
    <subfield code="c">circulacion</subfield>
    <subfield code="d">2023-09-19</subfield>
    <subfield code="o">373 CIE</subfield>
    <subfield code="p">62975</subfield>
    <subfield code="r">2025-04-11</subfield>
    <subfield code="t">4</subfield>
    <subfield code="y">LIB</subfield>
    <subfield code="k">PK</subfield>
  </datafield>
</record>
